000 00310nam a22001217a 4500
008 181126b xxu||||| |||| 00| 0 eng d
041 _aeng
080 _a043.3
100 _a0
101 _aBTH-MBE
245 _aRealizimi i Aktiviteteve te Marketingut me Buxhet te Kufizuar
_cGjonbalaj, H.M
942 _2udc
_cBK
999 _c52511
_d52511